A policy paper on revitalizing the Philippine coconut industry to gain competitive advantage for the benefit of the primary stakeholders and the economy. (Record no. 297996)
[ view plain ]
| 000 -LEADER | |
|---|---|
| fixed length control field | 00451nam a2200097Ia 4500 |
| 008 - FIXED-LENGTH DATA ELEMENTS--GENERAL INFORMATION | |
| fixed length control field | 160725s9999 xx 000 0 und d |
| 100 ## - MAIN ENTRY--PERSONAL NAME | |
| Personal name | Germano, Dennis Prince Y. |
| 245 #2 - TITLE STATEMENT | |
| Title | A policy paper on revitalizing the Philippine coconut industry to gain competitive advantage for the benefit of the primary stakeholders and the economy. |
| 260 ## - PUBLICATION, DISTRIBUTION, ETC. (IMPRINT) | |
| Name of publisher, distributor, etc | Kaizen Research Journal College of Business Administration |
| Date of publication, distribution, etc | January 2014 |
| 650 ## - SUBJECT ADDED ENTRY--TOPICAL TERM | |
| Topical term or geographic name as entry element | BUSINESS ADMINISTRATION |
No items available.